Music Quiz

Random Music or Artist Quiz

Three Hits in One Year Quiz Stats

 Plays Quiz Updated Mar 21, 2020

Support Sporcle.
Go Orange.
Score 0/30 Timer 06:00
1 Play Today
% Correct
Michael Jackson
93.7%
Beyoncé
92.8%
Madonna
91.6%
Katy Perry
90.5%
Whitney Houston
89.3%
Bee Gees
88.3%
The Jackson 5
87.6%
Ed Sheeran
82.4%
Taylor Swift
82.3%
Bruno Mars
80.1%
50 Cent
79.1%
Lionel Richie
79%
Rihanna
77.1%
George Michael
75.3%
Creedence Clearwater Revival
75.2%
% Correct
TLC
74.2%
Nelly
73.4%
Christina Aguilera
71.5%
Justin Bieber
70.7%
The Weeknd
70.3%
Usher
69.8%
Iggy Azalea
69.7%
Phil Collins
68.6%
Donna Summer
67.3%
Flo Rida
62.1%
The Chainsmokers
61.7%
Mariah Carey
59.9%
Hootie & the Blowfish
59.6%
B.o.B
56.6%
T.I.
50.7%

From the Vault

Song by Duet Image

by senordingdong

Music 6m
Teamwork makes the dream work.
Remove Ads.
Support Sporcle.
Get the best of Sporcle when you Go Orange. This ad-free experience offers more features, more stats, and more fun while also helping to support Sporcle. Thank you for becoming a member.

Show Comments

Extras

Top Quizzes Today


Score Distribution

Your Account Isn't Verified!

In order to create a playlist on Sporcle, you need to verify the email address you used during registration. Go to your Sporcle Settings to finish the process.

Report this User

Report this user for behavior that violates our Community Guidelines.

Details: